| 000 | 00697nam a2200217 4500 | ||
|---|---|---|---|
| 003 | OSt | ||
| 005 | 20240723020928.0 | ||
| 006 | a | ||
| 008 | 240723b |||||||| |||| 00| 0 eng d | ||
| 020 | _a0521616948 | ||
| 040 |
_aDWCL-Main lib. _cOC |
||
| 082 | _aCirc. 822.33 S527 2004 | ||
| 245 | _aShakespeare’s styles: essyas in honour of Kennth Muir / | ||
| 260 |
_aCambridge : _bCambridge University Press, _cc2004. |
||
| 300 |
_aviii, _b247p.; _c23 cm. |
||
| 504 | _aIncludes Bibliographical references & index. | ||
| 650 | _a1. Shakespeare, William,1564-1616-Style-Addresses, essays, lectures. | ||
| 650 | _a2. Muir, Kenneth. | ||
| 700 | _aHunter , G.K. | ||
| 942 |
_2ddc _n0 _cBK-CIRC _kCirc. |
||
| 999 |
_c2570 _d2570 |
||